| 000 | 01443cam a2200313 a 4500 | ||
|---|---|---|---|
| 001 | 1872 | ||
| 003 | FISKH | ||
| 005 | 20231006111041.0 | ||
| 008 | 090402s2010 nyuab j b 001 0 eng | ||
| 010 | _a 2009014185 | ||
| 020 | _a9780531212486 | ||
| 040 |
_aDLC _cDLC _dDLC _beng |
||
| 043 | _an-usp-- | ||
| 050 | 0 | 0 |
_aTF25.P23 _bP47 2010 |
| 082 | 0 | 0 |
_a385.0973/0903 _222 |
| 100 | 1 | _aPerritano, John. | |
| 245 | 1 | 4 |
_aThe transcontinental railroad / _cby John Perritano. |
| 260 |
_aNew York : _bScholastic, _c2010. |
||
| 300 |
_a48 pages : _bmap ; color illustrations ; _c22 cm. |
||
| 490 | 0 | _aA true book | |
| 505 | _aZ | ||
| 520 | _aA True Book: Westward Expansion takes readers on an amazing journey to a fascinating time in U.S. history when the country was experiencing dynamic change and expanding westward. This book provides the keys to discovering the important people, places and events that helped shape the western United States. An age appropriate (grades 3-5) introduction to curriculum-relevant subjects and a robust resource section that encourages independent study is included. | ||
| 521 | 8 |
_a910
_bLexile |
|
| 521 | 8 |
_aZ
_bRaz-Plus |
|
| 650 | 0 |
_aPacific railroads _vJuvenile literature. |
|
| 906 |
_a7 _bcbc _corignew _d1 _eecip _f20 _gy-gencatlg |
||
| 942 |
_2ddc _cBK _n0 |
||
| 999 |
_c1872 _d1872 |
||